00636nam a2200205Ia 450000500170000000800410001702000180005804100120007608200170008810000270010524501090013225000120024126000350025330000200028844000410030865000180034965000180036765000220038570000230040720260429112021.0260429s9999||||xx |||||||||||||| ||und|| a9781032643045 aEnglish a341.485bPAI aPaige, Tamsin Phillipa 0aQueer encounters with international law : blives, communities, subjectivities / cTamsin Phillipa Paige a1st ed. aNew York : bRoutledge,c2025. axvi, 288 p.; hb aFeminist and Queer International Law a LGBTQ rights a Queer theory aInternational law a O'Hara, Claerwen